Auditoria de qualidade em obras rodoviárias : (Record no. 1490)

MARC details
000 -LÍDER
Campo Fixo de Controle 00845nam a2200241 a 4500
001 - NÚMERO DE CONTROLE
Campo de Controle 1490
003 - IDENTIFICAÇÃO DO NÚMERO DE CONTROLE
Campo de Controle BR-CuiBMT
005 - DATA E HORA DA ÚLTIMA ATUALIZAÇÃO
Campo de Controle 20231213230941.0
008 - DADOS FIXOS
Dados Fixos 231101s2010 mtba 000 0 por d
020 ## - INTERNATIONAL STANDARD BOOK NUMBER
Nº do ISBN 978858896969
040 ## - AGÊNCIA CATALOGADORA
Código da Agência Catalogadora BR-CuiBMT
Agência que transcreveu o registro BR-CuiBMT
080 ## - Nº DA CLASSIFICAÇÃO DECIMAL UNIVERSAL
Nº Class. CDU 657.6:625.7
Nº edição CDU 2007
090 ## - NÚMERO DE CHAMADA
Nº classificação 657.6:625.7
Cutter M433a
110 1# - ENTRADA PRINCIPAL -- ENTIDADE
Nome da entidade ou lugar Mato Grosso.
Unidade subordinada Tribunal de Contas do Estado.
245 10 - TÍTULO PRINCIPAL
Título principal Auditoria de qualidade em obras rodoviárias :
Subtítulo a atuação do Tribunal de Contas de Mato Grosso em 2010 /
Indicação de responsabilidade Tribunal de Contas do Estado.
260 ## - PUBLICAÇÃO, DISTRIBUIÇÃO, ETC.
Local de publicação Cuiabá :
Editora Central de Texto,
Data c2011.
300 ## - DESCRIÇÃO FÍSICA
N. páginas ou volumes 151 p. :
Ilustrações il., color ;
Dimensões 28 x 22 cm
504 ## - NOTA DE BIBLIOGRAFIA, ETC.
Nota de bibliografia Inclui bibliografia.
650 ## - ASSUNTO TÓPICO
Cabeçalho tópico ou nome geográfico Rodovias
Subdivisão geral Fiscalização
Subdivisão geográfica Mato Grosso
650 ## - ASSUNTO TÓPICO
Cabeçalho tópico ou nome geográfico Auditoria
Subdivisão geográfica Mato Grosso
650 ## - ASSUNTO TÓPICO
Cabeçalho tópico ou nome geográfico Obras públicas
Subdivisão geral Fiscalização
Subdivisão geográfica Mato Grosso
942 ## - ELEMENTOS DE ENTRADA ADICIONAIS (KOHA)
Fonte de classificação ou esquema de arquivamento Classificação Decimal Universal
Tipo de item do Koha Livros
Holdings
Estado: removido Estado: perdido Fonte de classificação ou esquema de arquivamento Estado: danificado Indisponível para empréstimo Localização permanente Localização atual Data de aquisição Total Checkouts Número de Chamada completo Código de barras Date last seen Número do exemplar Preço efetivo a partir de Tipo de item (Koha)
    Classificação Decimal Universal     Biblioteca da Escola Superior de Contas do TCE/MT Biblioteca da Escola Superior de Contas do TCE/MT 12/12/2023   657.6:625.7 M433a BIBTCEMT23120394 12/12/2023 Ex. 1 12/12/2023 Livros
    Classificação Decimal Universal     Biblioteca da Escola Superior de Contas do TCE/MT Biblioteca da Escola Superior de Contas do TCE/MT 13/12/2023   657.6:625.7 M433a BIBTCEMT23120447 13/12/2023 Ex. 2 13/12/2023 Livros
    Classificação Decimal Universal     Biblioteca da Escola Superior de Contas do TCE/MT Biblioteca da Escola Superior de Contas do TCE/MT 11/03/2024   657.6:625.7 M433a BIBTCEMT24030001 11/03/2024 Ex. 3 11/03/2024 Livros

Powered by Koha